Az élet rövid - a bestseller hosszú az irodalmi értékek kiválasztását, hál' istennek, minden látszat ellenére ...

Bibliographic Details
Main Author: Tőzsér, Árpád, 1935- (Author)
Format: Article
Language:Hungarian
PhysicalDescription:Fotogr.
Subjects:

MARC

LEADER 00000nab a2200000 ar4500
001 vtls008959221
003 SK-MaSNL
005 20260319071340.0
008 070117c20070113xo |||||||| 000 b|hun
015 |a SNBRB2007/01  |2 snkbucl 
038 |a SNKBUCL 
040 |a DSZK  |b slo  |c DSZK  |e AACR2 
041 0 |a hun 
044 |a xo  |c SK 
080 |a 821.511.141 (437.6)-4=511.141  |2 1997 
100 1 |a Tőzsér, Árpád,  |d 1935-  |4 aut  |9 89438 
245 1 3 |a Az élet rövid - a bestseller hosszú  |b az irodalmi értékek kiválasztását, hál' istennek, minden látszat ellenére ...  |c Tőzsér Árpád 
300 |b Fotogr. 
500 |a Esej napísaná do diskusného fóra na tému perspektívy hodnotnej kultúry a literatúry u nás 
650 0 7 |a eseje, maďarské  |2 snkbucl  |9 582855 
773 0 |t Új szó  |g Évf. 60, sz. 10 (13.1.2007), o. 13 
773 0 8 |i Mell.:  |t Szalon  |g Évf. 1, sz. 1 (2007) 
852 |a SNK  |b KIS3GCP 
852 |a DSZK  |b KIS3GCP 
958 |a HU 
958 |a SK 
958 |a LX 
999 |c 1758091  |d 1760021